Подробности
| 000 -МАРКЕР |
| контрольное поле |
01302nam0a22003371 4500 |
| 001 - ИДЕНТИФИКАТОР ЗАПИСИ |
| контрольное поле |
RU\NLR\INFOCOMM_41\5000251292 |
| 005 - ИДЕНТИФИКАТОР ВЕРСИИ |
| контрольное поле |
20250613091006.0 |
| 035 ## - ДРУГИЕ СИСТЕМНЫЕ НОМЕРА |
| Идентификатор записи |
(NLR Aleph) 009087245 |
| 100 ## - ДАННЫЕ ОБЩЕЙ ОБРАБОТКИ |
| Данные общей обработки |
20081216d1980 |||y0rusy50 ca |
| 101 1# - ЯЗЫК РЕСУРСА |
| Язык текста, звукозаписи и т.д. |
португальский |
| 102 ## - СТРАНА ПУБЛИКАЦИИ ИЛИ ПРОИЗВОДСТВА |
| Страна публикации |
российская федерация |
| 105 ## - ПОЛЕ КОДИРОВАННЫХ ДАННЫХ: ТЕКСТОВЫЕ МАТЕРИАЛЫ, МОНОГРАФИЧЕСКИЕ |
| Кодированные данные о монографическом текстовом документе |
y z|||000yy |
| 181 #0 - ПОЛЕ КОДИРОВАННЫХ ДАННЫХ: ВИД СОДЕРЖАНИЯ |
| Код вида содержания (ISBD) |
i4 |
| Код характеристики содержания (ISBD) |
axxe |
| 182 #0 - ПОЛЕ КОДИРОВАННЫХ ДАННЫХ: ТИП СРЕДСТВА |
| Код типа средства (ISBD) |
n - непосредственное |
| 200 1# - ЗАГЛАВИЕ И СВЕДЕНИЯ ОБ ОТВЕТСТВЕННОСТИ |
| Основное заглавие |
Politica social de Revolução de Outubro, Outubro de 1917 - fim de 1918 |
| Первые сведения об ответственности |
L. K. Báeva |
| Последующие сведения об ответственности |
[trad. de Inessa Chaláguina] |
| 203 ## - ВИД СОДЕРЖАНИЯ И ТИП СРЕДСТВА |
| Вид содержания |
Текст |
| Дополнительные сведения об издании |
визуальный |
| Тип средства |
непосредственный |
| 210 ## - ПУБЛИКАЦИЯ, РАСПРОСТРАНЕНИЕ И ДР. |
| Место издания, распространения и т.д. |
Μ. |
| Имя издателя, распространителя и т. д. |
Progresso |
| Дата издания, распространения и т.д. |
1980 |
| 215 ## - ФИЗИЧЕСКАЯ ХАРАКТЕРИСТИКА |
| Специфическое обозначение материала и объем |
116 с. |
| Размеры |
20 см |
| 300 ## - ОБЩИЕ ПРИМЕЧАНИЯ |
| Текст примечания |
На обороте тит. л.: Социальная политика Октябрьской революции / Л. К. Баева |
| 517 1# - ДРУГИЕ ВАРИАНТЫ ЗАГЛАВИЯ |
| Вариант заглавия |
Социальная политика Октябрьской революции |
| 606 ## - НАИМЕНОВАНИЕ ТЕМЫ КАК ПРЕДМЕТ |
| Наименование темы |
Великая Октябрьская социалистическая революция |
| Хронологический подзаголовок |
1917 |
| Код системы |
nlr_sh1 |
| 686 ## - ИНДЕКСЫ ДРУГИХ КЛАССИФИКАЦИЙ |
| Индекс |
Т3(2)711.29-2 |
| Код системы |
|
| 700 #1 - ИМЯ ЛИЦА - ПЕРВИЧНАЯ ОТВЕТСТВЕННОСТЬ |
| Связь между полями |
z01790 |
| Начальный элемент ввода |
Baeva |
| Часть имени, кроме начального элемента ввода |
L. K. |
| Расширение инициалов личного имени |
Lidija Konstantinovna |
| Код отношения |
Автор |
| 790 #1 - ИМЯ ЛИЦА - АЛЬТЕРНАТИВНАЯ ФОРМА |
| Связь между полями |
z01700 |
| Начальный элемент ввода |
Báeva |
| Часть имени, кроме начального элемента ввода |
L. K. |
| Код отношения |
Автор |
| 801 #1 - ИСТОЧНИК ЗАПИСИ |
| Страна |
российская федерация |
| Организация |
NLR |
| Дата составления |
20081216 |
| 801 #0 - ИСТОЧНИК ЗАПИСИ |
| Страна |
российская федерация |
| Организация |
NLR |
| Правила каталогизации |
PSBO |
| 852 ## - МЕСТОНАХОЖДЕНИЕ И ШИФР ХРАНЕНИЯ |
| Идентификатор организации |
NLR |
| Шифр хранения (Call Number) |
Ир51 Д-3/202 |
| 942 ## - ДОПОЛНИТЕЛЬНЫЕ ЭЛЕМЕНТЫ ЗАПИСИ (АБИС) |
| Тип экземпляра АБИС |
Книга |
| 980 ## - КОЛЛЕКЦИЯ |
| Название коллекции |
Национальная библиография |